000 01017nam a2200157Ia 4500
008 220216s9999 xx 000 0 und d
100 _aDissanayake D M A
245 0 _aSmallholder rubber sector in the Moneragala district: Potentials and constraints
260 _bBulletin of the Rubber Research Institute of Sri Lanka
_c2005
300 _a25-31
520 _aAs a timely and appropriate initiative to increase the national rubber production, the Government has taken steps to expand the rubber cultivation into the intermediate agro-climatic zones of Sri Lanka. These non-traditional areas have great potential for profitable rubber cultivation. Yet, there are constraints for rubber cultivation, which can affect the profitability. This article attempts to highlight these potentials and constraints in the smallholder rubber sector in the Moneragala area in the low country intermediate zone of Sri Lanka
650 _aRubber sector
700 _aEdirisinghe J C
700 _aWijesuriya Wasana
942 _cJS
999 _c68772
_d68772